Patterns in comparative religion / (Record no. 70)

MARC details
000 -LEADER
fixed length control field 00872cam a2200289 a 4500
001 - CONTROL NUMBER
control field 1928278
003 - CONTROL NUMBER IDENTIFIER
control field GBCCL
005 - DATE AND TIME OF LATEST TRANSACTION
control field 20241126110329.0
008 - FIXED-LENGTH DATA ELEMENTS--GENERAL INFORMATION
fixed length control field 850530t19791958enk b 001 0 eng c
010 ## -
-- 85672689
020 ## - INTERNATIONAL STANDARD BOOK NUMBER
International Standard Book Number 0722079451 (pbk.)
040 ## - CATALOGING SOURCE
Original cataloging agency MH
Transcribing agency MH
Modifying agency DLC
041 1# -
-- eng
-- fre
050 14 -
-- BL80.2
-- .E513x 1979
082 ## - DEWEY DECIMAL CLASSIFICATION NUMBER
Classification number 200
Item number ELI
100 1# - MAIN ENTRY--PERSONAL NAME
Personal name Eliade, Mircea,
Dates associated with a name 1907-1986.
9 (RLIN) 1781
240 10 -
-- Traité d'histoire des religions.
-- English
245 10 - TITLE STATEMENT
Title Patterns in comparative religion /
Statement of responsibility, etc. Mircea Eliade.
260 ## - PUBLICATION, DISTRIBUTION, ETC.
Place of publication, distribution, etc. London :
Name of publisher, distributor, etc. Sheed and Ward,
Date of publication, distribution, etc. 1979, c1958.
300 ## - PHYSICAL DESCRIPTION
Extent x, 484 p. ;
Dimensions 22 cm.
490 0# - SERIES STATEMENT
Series statement Stagbooks
500 ## - GENERAL NOTE
General note Translation of: Traité d'histoire des religions.
504 ## - BIBLIOGRAPHY, ETC. NOTE
Bibliography, etc. note Includes bibliographies and indexes.
650 #0 - SUBJECT ADDED ENTRY--TOPICAL TERM
Topical term or geographic name entry element Religions.
9 (RLIN) 261
906 ## - LOCAL DATA ELEMENT F, LDF (RLIN)
a 7
b cbc
c orignew
d u
e ncip
f 19
g y-gencatlg
942 ## - ADDED ENTRY ELEMENTS (KOHA)
Source of classification or shelving scheme Dewey Decimal Classification
Koha item type Books
Holdings
Withdrawn status Lost status Source of classification or shelving scheme Damaged status Not for loan Home library Current Library Shelving location Date acquired Total checkouts Full call number Barcode Date last seen Price effective from Koha item type
    Dewey Decimal Classification     GRACE BIBLE COLLEGE GRACE BIBLE COLLEGE Philosophy and Religion 2016-05-23   200 ELI 002401 2025-05-01 2016-05-23 Books
© Grace Bible College Library 2025